03869nam a2200385 i 4500001002000000003000400020005001700024006001900041007001500060008004100075010001500116020001800131035002000149040003200169041000700201042000800208050002500216245010600241264007100347264001300418300003500431490004500466504005100511505098600562520138201548545021902930650004503149650002603194700005503220700003503275830004503310942000803355952010503363999001503468tf9781351253208-EBADLC20260126104700.0m o d cr |n|||||||||190311t20202020nyua ob 001 0 eng  a2019012045 a9781351253185 atf9781351253208 aDLCbengerdaepncDLCdUOH aen apcc10aML3540.7b.M876 202000aMusic in the role-playing game b: heroes & harmonies c/ edited by William Gibbons and Steven Reale. 1aNew York, NY ;aLondon :bRoutledge/Taylor & Francis Group,c2020. 4c℗2020. ax, 224 pages :billustrations.1 aRoutledge music and screen media series. aIncludes bibliographical references and index. aPrologue: The Journey Begins — Part I: Magical Melodies — Song and the Transition to “Part-Talkie” Japanese Role-Playing Games — “The Things I Do for Lust …”: Humor and Subversion in The Bard’s Tale — Mother/EarthBound Zero and the Power of the Naïve Aesthetic: No Crying Until the Ending — Part II: Mystical Metaphors — Alien Waves: Sonic Reverberations of the RPG Interface in Lagrange Point — The Penultimate Fantasy: Nobuo Uematsu’s Score for Cleopatra no Ma Takara — Music in the Time of Video Games: Spelunking Final Fantasy IV — Operatic Conventions and Expectations in Final Fantasy VI — Part III: Meaningful Memories — Ludomusical Dissonance in Diablo III — A Hidden Harmony: Music Theory Pedagogy and Role-Playing Games — Soundwalking and the Aurality of Stardew Valley: An Ethnography of Listening to and Interacting with Environmental Game Audio — Musical Landscapes in Skyrim — Barriers to Listening in World of Warcraft aMusic in the Role-Playing Game: Heroes & Harmonies offers the first scholarly approach focusing on music in the broad class of video games known as role-playing games, or RPGs. Known for their narrative sophistication and long playtimes, RPGs have long been celebrated by players for the quality of their cinematic musical scores, which have taken on a life of their own, drawing large audiences to live orchestral performances. The chapters in this volume address the role of music in popular RPGs such as Final Fantasy and World of Warcraft, delving into how music interacts with the gaming environment to shape players’ perceptions and engagement. The contributors apply a range of methodologies to the study of music in this genre, exploring topics such as genre conventions around music, differences between music in Japanese and Western role-playing games, cultural representation, nostalgia, and how music can shape deeply personal game experiences. Music in the Role-Playing Game expands the growing field of studies of music in video games, detailing the considerable role that music plays in this modern storytelling medium, and breaking new ground in considering the role of genre. Combining deep analysis with accessible personal accounts of authors’ experiences as players, it will be of interest to students and scholars of music, gaming, and media studies.0 aWilliam Gibbons is Associate Professor of Musicology and Associate Dean of the College of Fine Arts at Texas Christian University. Steven Reale is Associate Professor of Music Theory at Youngstown State University. 0aVideo game musicxHistory and criticism. 0aFantasy games.926662 aGibbons, Williamq(William James),d1981-eeditor. aReale, Steven,eeditor.926663 0aRoutledge music and screen media series. 2lcc 00102lcc4070aTBSbTBSd2026-01-26l0oML3540.7 MUSr2026-01-26t1w2026-01-26y1zSOON AVAILABLE c5301d5301